<?xml version="1.0" encoding="UTF-8"?>
<record
    xmlns:xsi="http://www.w3.org/2001/XMLSchema-instance"
    xsi:schemaLocation="http://www.loc.gov/MARC21/slim http://www.loc.gov/standards/marcxml/schema/MARC21slim.xsd"
    xmlns="http://www.loc.gov/MARC21/slim">

  <leader>01369nam a22002297a 4500</leader>
  <controlfield tag="005">20260427145727.0</controlfield>
  <controlfield tag="008">250910b        |||||||| |||| 00| 0 eng d</controlfield>
  <datafield tag="020" ind1=" " ind2=" ">
    <subfield code="a">9788119403417</subfield>
  </datafield>
  <datafield tag="040" ind1=" " ind2=" ">
    <subfield code="c">AL</subfield>
  </datafield>
  <datafield tag="041" ind1=" " ind2=" ">
    <subfield code="a">English</subfield>
  </datafield>
  <datafield tag="082" ind1=" " ind2=" ">
    <subfield code="a">346</subfield>
    <subfield code="b">MULH</subfield>
  </datafield>
  <datafield tag="100" ind1=" " ind2=" ">
    <subfield code="a">Dinshaw Fardunji Mulla</subfield>
    <subfield code="9">262884</subfield>
  </datafield>
  <datafield tag="245" ind1=" " ind2=" ">
    <subfield code="a">Hindu law Ed 25</subfield>
  </datafield>
  <datafield tag="250" ind1=" " ind2=" ">
    <subfield code="a">25</subfield>
  </datafield>
  <datafield tag="260" ind1=" " ind2=" ">
    <subfield code="a">Haryana</subfield>
    <subfield code="b">LexisNexis</subfield>
    <subfield code="c">2024</subfield>
  </datafield>
  <datafield tag="300" ind1=" " ind2=" ">
    <subfield code="a">1568p</subfield>
    <subfield code="b">HB</subfield>
    <subfield code="c">25x16cm</subfield>
  </datafield>
  <datafield tag="365" ind1=" " ind2=" ">
    <subfield code="a">583</subfield>
    <subfield code="b">&#x20B9;2996.25</subfield>
    <subfield code="c">&#x20B9;</subfield>
    <subfield code="d">&#x20B9;3995.00</subfield>
    <subfield code="e">25%</subfield>
    <subfield code="f">03-09-2025</subfield>
  </datafield>
  <datafield tag="520" ind1=" " ind2=" ">
    <subfield code="a">journey of twenty-five editions, spanning over a period of more than a hundred years, speaks volumes about this iconic legal classic. This tome has, since its inception, traced the origins, development and periodic changes that have taken place in the field of Hindu Law. Time and again, this seminal work has been relied upon by the Bench and the Bar, and its mention can be found in numerous important judgments of the Supreme Court and the High Courts. The book is divided into two parts: Part 1 of the commentary deals with customary Hindu Law, and Part 2 contains section-wise commentary on four major enactments: The Hindu Marriage Act, 1955, The Hindu Succession Act, 1956, The Hindu Minority and Guardianship Act, 1956, and The Hindu Adoptions and Maintenance Act, 1956.</subfield>
  </datafield>
  <datafield tag="650" ind1=" " ind2=" ">
    <subfield code="a">law</subfield>
    <subfield code="9">238508</subfield>
  </datafield>
  <datafield tag="700" ind1=" " ind2=" ">
    <subfield code="a">Desai, Satyajeet A</subfield>
    <subfield code="9">238509</subfield>
  </datafield>
  <datafield tag="942" ind1=" " ind2=" ">
    <subfield code="2">ddc</subfield>
    <subfield code="c">BK</subfield>
  </datafield>
  <datafield tag="999" ind1=" " ind2=" ">
    <subfield code="c">240423</subfield>
    <subfield code="d">240423</subfield>
  </datafield>
  <datafield tag="952" ind1=" " ind2=" ">
    <subfield code="0">0</subfield>
    <subfield code="1">0</subfield>
    <subfield code="2">ddc</subfield>
    <subfield code="4">0</subfield>
    <subfield code="7">0</subfield>
    <subfield code="8">Law</subfield>
    <subfield code="a">LL</subfield>
    <subfield code="b">LL</subfield>
    <subfield code="d">2025-09-10</subfield>
    <subfield code="e">MPP House Bengaluru-560009</subfield>
    <subfield code="g">2996.25</subfield>
    <subfield code="l">0</subfield>
    <subfield code="o">346 MULH</subfield>
    <subfield code="p">LL002466</subfield>
    <subfield code="r">2025-09-10 15:28:44</subfield>
    <subfield code="v">3995.00</subfield>
    <subfield code="w">2025-09-03</subfield>
    <subfield code="y">BK</subfield>
  </datafield>
  <datafield tag="952" ind1=" " ind2=" ">
    <subfield code="0">0</subfield>
    <subfield code="1">0</subfield>
    <subfield code="2">ddc</subfield>
    <subfield code="4">0</subfield>
    <subfield code="7">0</subfield>
    <subfield code="8">Law</subfield>
    <subfield code="a">LL</subfield>
    <subfield code="b">LL</subfield>
    <subfield code="d">2025-09-10</subfield>
    <subfield code="e">MPP House Bengaluru-560009</subfield>
    <subfield code="g">2996.25</subfield>
    <subfield code="l">1</subfield>
    <subfield code="o">346 MULH</subfield>
    <subfield code="p">LL002467</subfield>
    <subfield code="r">2026-01-06 09:17:06</subfield>
    <subfield code="s">2026-01-06</subfield>
    <subfield code="v">3995.00</subfield>
    <subfield code="w">2025-09-03</subfield>
    <subfield code="y">BK</subfield>
  </datafield>
  <datafield tag="952" ind1=" " ind2=" ">
    <subfield code="0">0</subfield>
    <subfield code="1">0</subfield>
    <subfield code="2">ddc</subfield>
    <subfield code="4">0</subfield>
    <subfield code="7">0</subfield>
    <subfield code="8">Law</subfield>
    <subfield code="a">LL</subfield>
    <subfield code="b">LL</subfield>
    <subfield code="d">2025-09-10</subfield>
    <subfield code="e">MPP House Bengaluru-560009</subfield>
    <subfield code="g">2996.25</subfield>
    <subfield code="l">0</subfield>
    <subfield code="o">346 MULH</subfield>
    <subfield code="p">LL002468</subfield>
    <subfield code="r">2025-09-10 15:28:44</subfield>
    <subfield code="v">3995.00</subfield>
    <subfield code="w">2025-09-03</subfield>
    <subfield code="y">BK</subfield>
  </datafield>
  <datafield tag="952" ind1=" " ind2=" ">
    <subfield code="0">0</subfield>
    <subfield code="1">0</subfield>
    <subfield code="2">ddc</subfield>
    <subfield code="4">0</subfield>
    <subfield code="7">0</subfield>
    <subfield code="8">Law</subfield>
    <subfield code="a">LL</subfield>
    <subfield code="b">LL</subfield>
    <subfield code="d">2025-09-20</subfield>
    <subfield code="e">MPP House Bengaluru-560009</subfield>
    <subfield code="g">2996.25</subfield>
    <subfield code="l">0</subfield>
    <subfield code="o">346 MULH</subfield>
    <subfield code="p">LL002509</subfield>
    <subfield code="r">2025-09-20 12:46:56</subfield>
    <subfield code="v">3995.00</subfield>
    <subfield code="w">2025-09-18</subfield>
    <subfield code="y">BK</subfield>
  </datafield>
  <datafield tag="952" ind1=" " ind2=" ">
    <subfield code="0">0</subfield>
    <subfield code="1">0</subfield>
    <subfield code="2">ddc</subfield>
    <subfield code="4">0</subfield>
    <subfield code="7">0</subfield>
    <subfield code="8">Law</subfield>
    <subfield code="a">LL</subfield>
    <subfield code="b">LL</subfield>
    <subfield code="d">2025-09-20</subfield>
    <subfield code="e">MPP House Bengaluru-560009</subfield>
    <subfield code="g">2996.25</subfield>
    <subfield code="l">0</subfield>
    <subfield code="o">346 MULH</subfield>
    <subfield code="p">LL002510</subfield>
    <subfield code="r">2025-09-20 12:46:56</subfield>
    <subfield code="v">3995.00</subfield>
    <subfield code="w">2025-09-18</subfield>
    <subfield code="y">BK</subfield>
  </datafield>
  <datafield tag="952" ind1=" " ind2=" ">
    <subfield code="0">0</subfield>
    <subfield code="1">0</subfield>
    <subfield code="2">ddc</subfield>
    <subfield code="4">0</subfield>
    <subfield code="7">0</subfield>
    <subfield code="8">Law</subfield>
    <subfield code="a">LL</subfield>
    <subfield code="b">LL</subfield>
    <subfield code="d">2025-09-20</subfield>
    <subfield code="e">MPP House Bengaluru-560009</subfield>
    <subfield code="g">2996.25</subfield>
    <subfield code="l">0</subfield>
    <subfield code="o">346 MULH</subfield>
    <subfield code="p">LL002511</subfield>
    <subfield code="r">2025-09-20 12:46:56</subfield>
    <subfield code="v">3995.00</subfield>
    <subfield code="w">2025-09-18</subfield>
    <subfield code="y">BK</subfield>
  </datafield>
  <datafield tag="952" ind1=" " ind2=" ">
    <subfield code="0">0</subfield>
    <subfield code="1">0</subfield>
    <subfield code="2">ddc</subfield>
    <subfield code="4">0</subfield>
    <subfield code="7">0</subfield>
    <subfield code="8">Law</subfield>
    <subfield code="a">LL</subfield>
    <subfield code="b">LL</subfield>
    <subfield code="d">2026-04-23</subfield>
    <subfield code="e">MPP House Bengaluru-560009</subfield>
    <subfield code="g">2996.25</subfield>
    <subfield code="l">0</subfield>
    <subfield code="o">346 MULH</subfield>
    <subfield code="p">LL002748</subfield>
    <subfield code="r">2026-04-27 14:54:04</subfield>
    <subfield code="v">3995.00</subfield>
    <subfield code="w">2026-03-21</subfield>
    <subfield code="y">BK</subfield>
  </datafield>
  <datafield tag="952" ind1=" " ind2=" ">
    <subfield code="0">0</subfield>
    <subfield code="1">0</subfield>
    <subfield code="2">ddc</subfield>
    <subfield code="4">0</subfield>
    <subfield code="7">0</subfield>
    <subfield code="8">Law</subfield>
    <subfield code="a">LL</subfield>
    <subfield code="b">LL</subfield>
    <subfield code="d">2026-04-23</subfield>
    <subfield code="e">MPP House Bengaluru-560009</subfield>
    <subfield code="g">2996.25</subfield>
    <subfield code="l">0</subfield>
    <subfield code="o">346 MULH</subfield>
    <subfield code="p">LL002749</subfield>
    <subfield code="r">2026-04-27 14:54:04</subfield>
    <subfield code="v">3995.00</subfield>
    <subfield code="w">2026-03-21</subfield>
    <subfield code="y">BK</subfield>
  </datafield>
  <datafield tag="952" ind1=" " ind2=" ">
    <subfield code="0">0</subfield>
    <subfield code="1">0</subfield>
    <subfield code="2">ddc</subfield>
    <subfield code="4">0</subfield>
    <subfield code="7">0</subfield>
    <subfield code="8">Law</subfield>
    <subfield code="a">LL</subfield>
    <subfield code="b">LL</subfield>
    <subfield code="d">2026-04-23</subfield>
    <subfield code="e">MPP House Bengaluru-560009</subfield>
    <subfield code="g">2996.25</subfield>
    <subfield code="l">0</subfield>
    <subfield code="o">346 MULH</subfield>
    <subfield code="p">LL002750</subfield>
    <subfield code="r">2026-04-27 14:54:04</subfield>
    <subfield code="v">3995.00</subfield>
    <subfield code="w">2026-03-21</subfield>
    <subfield code="y">BK</subfield>
  </datafield>
</record>
